
Library Catalogue

| 000 -LEADER | |
|---|---|
| fixed length control field | 01826nam a22002537a 4500 |
| 005 - DATE AND TIME OF LATEST TRANSACTION | |
| control field | 20250924130529.0 |
| 008 - FIXED-LENGTH DATA ELEMENTS--GENERAL INFORMATION | |
| fixed length control field | 250924b |||||||| |||| 00| 0 eng d |
| 020 ## - INTERNATIONAL STANDARD BOOK NUMBER | |
| International Standard Book Number | 9788121245357 (Set) |
| Qualifying information | (Hardback) |
| 020 ## - INTERNATIONAL STANDARD BOOK NUMBER | |
| International Standard Book Number | 9788121230001 (Vol. 1) |
| Qualifying information | (Hardback) |
| 020 ## - INTERNATIONAL STANDARD BOOK NUMBER | |
| International Standard Book Number | 9788121250146 (Vol. 2) |
| Qualifying information | (Hardback) |
| 082 ## - DEWEY DECIMAL CLASSIFICATION NUMBER | |
| Classification number | 954.83 |
| 100 ## - MAIN ENTRY--PERSONAL NAME | |
| Personal name | Logan, William |
| 245 ## - TITLE STATEMENT | |
| Title | Malabar manual |
| Remainder of title | In two volume set / |
| Statement of responsibility, etc. | By William Logan |
| 250 ## - EDITION STATEMENT | |
| Edition statement | 2nd Impression |
| 260 ## - PUBLICATION, DISTRIBUTION, ETC. | |
| Place of publication, distribution, etc. | New Delhi |
| Name of publisher, distributor, etc. | Gyan Publishing House |
| Date of publication, distribution, etc. | 2020 |
| 300 ## - PHYSICAL DESCRIPTION | |
| Extent | 760 pages |
| Dimensions | 22 cm. |
| 365 ## - TRADE PRICE | |
| Price amount | Rs. 5040.00 (Set of 2 vol's.) |
| 505 ## - FORMATTED CONTENTS NOTE | |
| Formatted contents note | Content of Volume 1:<br/>Chapter 1: The district -<br/>Chapter 2: The people -<br/>Chapter 3: History -<br/>Chapter 4: The land -<br/>Index.<br/>Contents of Volume 2:<br/>Appendices:<br/>App. I – Statistics –<br/>App. II – Animal –<br/>App. III – Fishes –<br/>App. IV – Birds - <br/>App. V – Butterflies –<br/>App. VI – Timber trees – <br/>App. VII – Roads – <br/>App. VIII – Port rules (major ports) – <br/>App. IX - Port rules (minor ports) –<br/>App. X – Proverbs – <br/>App. XI – Mahl vocabulary -<br/>App. XII – Collections of deeds -<br/>App. XIII – Mr. Greme’s glossary with notes and etymological headings -<br/>App. XIV – List of chiefs and residents <br/>App. XV – Land revenue assessment, proclamation of 21st July 1805 - <br/>App. XVI – Annual average price of paddy 1860-80 - <br/>App. XVII – Monthly average -<br/>App. XVIII – Price of gingelly seeds 1861 - 81-<br/>App. XIX – Do of coconuts and areca -nuts, 1862 – 81 -<br/>App. XX – List of Milikhana recipients in Malabar - <br/>App. XXI – Short descriptive notices of taluks & Co. <br/><br/><br/> |
| 650 ## - SUBJECT ADDED ENTRY--TOPICAL TERM | |
| Topical term or geographic name entry element | History |
| 650 ## - SUBJECT ADDED ENTRY--TOPICAL TERM | |
| Topical term or geographic name entry element | India Malabar Coast |
| 650 ## - SUBJECT ADDED ENTRY--TOPICAL TERM | |
| Topical term or geographic name entry element | Malabar (India) Description and travel |
| 650 ## - SUBJECT ADDED ENTRY--TOPICAL TERM | |
| Topical term or geographic name entry element | Malabar Coast (India) History Sources |
| 942 ## - ADDED ENTRY ELEMENTS (KOHA) | |
| Source of classification or shelving scheme | Dewey Decimal Classification |
| Koha item type | BOOKs |
| Withdrawn status | Lost status | Source of classification or shelving scheme | Materials specified (bound volume or other part) | Damaged status | Not for loan | Home library | Current library | Shelving location | Date acquired | Source of acquisition | Total Checkouts | Full call number | Barcode | Date last seen | Date last checked out | Price effective from | Koha item type | Public note |
|---|---|---|---|---|---|---|---|---|---|---|---|---|---|---|---|---|---|---|
| Dewey Decimal Classification | HB | . | . | General Stacks | 24.09.2025 | Purchased - Educational Supplies | 1 | 954.83 LOG - I | 40430 | 23.01.2026 | 25.09.2025 | 24.09.2025 | BOOKs | Recommended by Prof. Sony Pellissery | ||||
| Dewey Decimal Classification | HB | . | . | General Stacks | 24.09.2025 | 1 | 954.83 LOG - II | 40431 | 23.01.2026 | 25.09.2025 | 24.09.2025 | BOOKs | Recommended by Prof. Sony Pellissery |